000 00856cam a2200289 a 4500
001 3323495
003 GBCCL
005 20241126110410.0
008 920309s1991 enk b 000 0 eng d
015 _aGB91-68935
020 _a0851108601 (pbk) :
_cL3.95
020 _a0851108601
035 _a(OCoLC)ocn703010256
035 _a(Uk)0851108601
035 _a3323495
040 _aUk/NBSNW
_dDLC
_dCStRLIN
_dCtY-D
_cGBC
082 0 4 _a266.023
_bGRI
100 1 _aGriffiths, Michael,
_d1928-
_93839
245 1 0 _aTinker, tailor, missionary? :
_boptions in a changing world /
_cMichael Griffiths.
260 _aLeicester :
_bInter-Varsity,
_c1991.
300 _a222 p. ;
_c18 cm.
504 _aIncludes bibliographical references.
650 0 _aMissions.
_9885
650 0 _aMissions
_xTheory.
_948
650 0 _aEvangelistic work.
_9290
942 _2ddc
_cBK
999 _c1834
_d1834